01307nam a2200337 a 4500001001200000003000800012006001900020007001500039008004100054010001700095020002600112020002700138040002100165035002100186050002300207082001500230100003700245245009900282250001200381260006700393300002400460504005100484533015200535650004300687650002400730650002600754655002900780710001700809856012600826999001700952ebr10720693CaPaEBRm o u cr cn|||||||||130322s2013 njuad sb 001 0 eng d z 2012050029 z9781118459393 (cloth) z9781118646687 (e-book) aCaPaEBRcCaPaEBR a(OCoLC)84660677714aQC760b.S92 2013eb04a537.012231 aSullivan, Dennis Michael,d1949-10aElectromagnetic simulation using the FDTD methodh[electronic resource] /cDennis M. Sullivan. a2nd ed. aHoboken, N.J. :bIEEE Press :bJohn Wiley & Sons, Inc.,c2013. axiv, 182 p. :bill. aIncludes bibliographical references and index. aElectronic reproduction.bPalo Alto, Calif. :cebrary,d2013.nAvailable via World Wide Web.nAccess may be limited to ebrary affiliated libraries. 0aElectromagnetismxComputer simulation. 0aFinite differences. 0aTime-domain analysis. 7aElectronic books.2local2 aebrary, Inc.40uhttp://site.ebrary.com/lib/rucke/Doc?id=10720693zAn electronic book accessible through the World Wide Web; click to view c38802d38802